| 000 | ncm a22 a 4500 | ||
|---|---|---|---|
| 999 |
_c353228 _d353228 |
||
| 003 | BLK | ||
| 005 | 20200427162149.0 | ||
| 008 | 200407b bu ||||| |||| 00| 0 bu d | ||
| 040 | _aBLK | ||
| 041 |
_aDEU _cDEU |
||
| 080 |
_aКларинет, баскларинет, басетхорн _b788.6 _z788.6 |
||
| 100 |
_9403913 _aВидерман, Людвиг _eпърви автор |
||
| 139 |
_aВидерман, Людвиг _bВ 57 |
||
| 245 |
_aKlarinetten - Studien _cWiedemann, Ludwig _nHelt 4 _bPraktiche und Theoretische Studien fur Klarinette |
||
| 257 | _aDEU | ||
| 260 |
_9402906 _aLeipzig _bBreitkopf & Härtel _cs.a. |
||
| 300 |
_a95 с. _c30 см |
||
| 380 | _a7 | ||
| 650 | 0 |
_9353811 _aКларинет - етюди, гами |
|
| 653 | 7 |
_9188643 _aкларинети |
|
| 653 | 7 |
_9186510 _aетюди |
|
| 852 |
_aМ ІІ 3252 _bИП _c788/W 66 L |
||
| 942 |
_cNOT _n0 _s1 |
||
| 944 |
_c2020-04-10 _kАтанаска Минкова |
||
| 999 | _d353228 | ||
| 999 | _d353227 | ||
| 999 | _d353147 | ||
| 999 | _d353140 | ||
| 999 | _d353140 | ||
| 999 | _d351997 | ||